[Event "Havana Rodriguez Memorial 1st"]
[Site "Havana"]
[Date "2007.07.07"]
[Round "13"]
[White "Gil Suarez, Jose Luis"]
[Black "Pino Ledo, Edel"]
[Result "1/2-1/2"]
[WhiteElo "2308"]
[BlackElo "2124"]
[PlyCount "28"]
[EventDate "2008.06.27"]
[EventType "tourn"]
[EventRounds "14"]
[EventCountry "CUB"]
[SourceTitle "EXT 2019"]
[Source "ChessBase"]
[SourceDate "2018.10.10"]
[SourceVersion "1"]
[SourceVersionDate "2018.10.10"]
[SourceQuality "1"]

1. d4 d5 2. c4 Nf6 3. Bg5 e6 4. Nc3 Be7 5. e3 Nbd7 6. Nf3 0-0 7. Rc1 c6 8. Bd3 dxc4 9. Bxc4 Nd5 10. Bxe7 Qxe7 11. 0-0 Nxc3 12. Rxc3 e5 13. Nxe5 Nxe5 14. dxe5 Qxe5 1/2-1/2